| 000 | 00812cam a2200253 4500 | ||
|---|---|---|---|
| 001 | ABS61496 | ||
| 008 | 000000n1999 000 0 eng u | ||
| 035 | _a(Sirsi) u101975 | ||
| 100 | _aDelargy, M. | ||
| 245 | _aWelcome to the future | ||
| 260 | _c1999 | ||
| 490 |
_aBuilding _v264(8112) 12 November 1999, 40-44(4) |
||
| 520 | _aConsiders the implications of the growth of e-commerce for property, both commercial and residential, including adaptable multifunctional buildings and information rooms in houses. | ||
| 590 | _aABS | ||
| 650 | _aRETAIL PROPERTY | ||
| 650 | _aFUTURE | ||
| 650 | _aCALL CENTRES | ||
| 650 | _aADAPTABLE BUILDINGS | ||
| 650 | _aE-COMMERCE | ||
| 650 | _aINTERNET | ||
| 650 | _aMULTI-PURPOSE BUILDINGS | ||
| 690 | _aBUILT ENVIRONMENT-CONSTRUCTION DESIGN | ||
| 942 | _n0 | ||
| 999 |
_c61069 _d61069 |
||